FEROZ DICTIONARY (URDU ED) (Record no. 580656)

000 -LEADER
fixed length control field 00250nam a22001097a 4500
082 ## - DEWEY DECIMAL CLASSIFICATION NUMBER
Classification number 491.43903 FER'F
100 ## - MAIN ENTRY--PERSONAL NAME
Personal name FEROZ-UD-DIN
9 (RLIN) 74740
245 ## - TITLE STATEMENT
Title FEROZ DICTIONARY (URDU ED)
260 ## - PUBLICATION, DISTRIBUTION, ETC.
Place of publication, distribution, etc. LAHORE
Name of publisher, distributor, etc. FEROZ SONS
Date of publication, distribution, etc. 1983
300 ## - PHYSICAL DESCRIPTION
Extent 1472P
942 ## - ADDED ENTRY ELEMENTS (KOHA)
Koha item type Book
Holdings
Withdrawn status Lost status Damaged status Not for loan Permanent Location Current Location Shelving location Date acquired Total Checkouts Full call number Barcode Date last seen Price effective from Koha item type
        College of Electrical & Mechanical Engineering (CEME) College of Electrical & Mechanical Engineering (CEME) Reference 05/16/2017   491.43903 FER'F CEME-14887 06/28/2021 06/28/2021 Book
© 2023 Central Library, National University of Sciences and Technology. All Rights Reserved.